Automatizovaný systém pre kalibráciu meračských pásiem

Guardado en:
Detalles Bibliográficos
Autor principal: Fryčová, Lucia (Autor)
Otros Autores: Kajánek, Pavol (Orientador)
Formato: Manuscrito Libro
Lenguaje:eslovaco
Publicado: 2021
Materias:
Acceso en línea:http://is.stuba.sk/zp/portal_zp.pl?podrobnosti=159057
https://opac.crzp.sk/?fn=detailBiblioForm&sid=D17D9F3E5A956C16EA1A97884ED0
Etiquetas: Agregar Etiqueta
Sin Etiquetas, Sea el primero en etiquetar este registro!

MARC

LEADER 00000ntm a22000003a 4500
001 stuzp84260
003 SK-STU
005 20230512095850.6
007 ta
008 150427s2015----xo-----f-mn---000-0-slo-d
040 |a STU  |b slo 
041 0 |a slo 
100 1 |a Fryčová, Lucia  |u 010140  |4 aut  |U SvF Stavebná fakulta  |T SvF Katedra geodézie  |X 87551  |U V140  |Y 14  |7 87551 
242 0 1 |a Automated system for calibration of measuring tape  |y eng 
245 1 0 |a Automatizovaný systém pre kalibráciu meračských pásiem 
260 |c 2021 
650 4 |a meračské pásmo  |2 slo 
650 4 |a kalibrácia  |2 slo 
650 4 |a horizontálny komparátor  |2 slo 
650 4 |a kalibračný protokol  |2 slo 
650 4 |a measuring tape  |2 eng 
650 4 |a horizontal comparator  |2 eng 
650 4 |a calibration protocol  |2 eng 
650 4 |a calibration  |2 eng 
700 1 |a Kajánek, Pavol  |u 010140  |k Z1  |4 ths  |U SvF Stavebná fakulta  |T SvF Katedra geodézie  |X 58030  |U V140  |Y 14  |7 A000058030 
856 4 |u http://is.stuba.sk/zp/portal_zp.pl?podrobnosti=159057 
856 4 |u https://opac.crzp.sk/?fn=detailBiblioForm&sid=D17D9F3E5A956C16EA1A97884ED0